| 000 | 00733nam a2200253Ia 4500 | ||
|---|---|---|---|
| 005 | 20250702115008.0 | ||
| 008 | 008 250516s9999 xx 000 0 eng d | ||
| 020 | _a9781032598901 | ||
| 040 |
_beng _cSDCL |
||
| 041 |
_aeng _2eng |
||
| 084 | _aD6,8(B),22:8 R4 | ||
| 100 |
_aWu, Di _9809319 |
||
| 245 | 0 |
_aData mining with python : _bTheory, application, and case studies |
|
| 260 |
_aBoca raton : _bCRC Press, _c2024. |
||
| 300 | _axxiii, 390p. | ||
| 490 | _aThe python series | ||
| 500 | _aIncludes index | ||
| 650 | _aOperational Research | ||
| 650 |
_aData Intergration. _9814442 |
||
| 650 |
_aClustering. _9733203 |
||
| 650 |
_aOutlier Detection _9815139 |
||
| 650 |
_aRegression. _9711644 |
||
| 942 |
_cTEXL _2CC |
||
| 999 |
_c1429023 _d1429023 |
||